| 000 | 00419cam a2200169ua 4500 | ||
|---|---|---|---|
| 020 | _cRs.24/- | ||
| 041 |
_aeng _h |
||
| 082 |
_a824 _bRUS/Lo |
||
| 100 | _aRussel, Bertrand . | ||
| 245 |
_aLogic and Knowledge / _cRussel,Ber. _hTextual Documents |
||
| 260 |
_aLondon : _bGeorge Allen & Unwin Ltd , _c1956. |
||
| 300 | _a382 ; . | ||
| 365 | _aRs.24/- | ||
| 504 | _a | ||
| 942 | _cBK | ||
| 999 |
_c11832 _d11832 |
||